| 000 | 01388nam a2200421 i 4500 | ||
|---|---|---|---|
| 001 | 44516 | ||
| 003 | KOSZ 005 | ||
| 005 | 20221216081140.0 | ||
| 008 | 001124s2002 pl a f |001 0 pol | ||
| 015 | _aPB 2000/22269 | ||
| 020 | _a8385428070 | ||
| 040 |
_aWA N _cWA N _dKOSZ 005/HR |
||
| 041 | 0 | _apol | |
| 046 | _k1999 | ||
| 080 | _a005.2 | ||
| 080 | _a658.1/.5 | ||
| 080 | _a(07) | ||
| 100 | 1 |
_aPenc, Józef _d(1939-2017) _eAutor |
|
| 245 | 1 | 0 |
_aStrategie zarządzania : _bperspektywiczne myślenie, systemowe działanie. _n[Cz. 1] / _cJózef Penc. |
| 250 | _aWyd. 3. | ||
| 260 |
_aWarszawa : _b"Placet", _c2002. |
||
| 300 |
_a221 s. : _bil. ; _c24 cm. |
||
| 336 |
_2rdacontent _aTekst _btxt |
||
| 337 |
_2rdamedia _aBez urządzenia pośredniczącego _bn |
||
| 338 |
_2rdacarrier _aWolumin _bnc |
||
| 380 | _aKsiążki | ||
| 388 | _a2001- | ||
| 490 | 1 | _aBiblioteka Biznesmena. | |
| 500 | _aU dołu okł.: Teoria i praktyka zarządzania : drogi do sukcesu firmy : polsko-angielski słownik stratega. | ||
| 504 | _aIndeksy. | ||
| 650 | 4 | _aZarządzanie strategiczne | |
| 655 | 4 | _aPodręcznik | |
| 658 | _aZarządzanie i marketing | ||
| 710 | 2 | _aWydawnictwo Placet | |
| 830 | 0 | _aBiblioteka Biznesmena | |
| 856 |
_uhttp://koha.tu.koszalin.pl/cgi-bin/koha/opac-detail.pl?biblionumber=44516 _yKatalog online BPK |
||
| 942 |
_2UKD _cKS |
||
| 999 |
_c44516 _d44516 |
||